Statistics for Estimated Countries Of the Disney Princesses

Click here to take the quiz!

General Stats

  • This quiz has been taken 132 times
  • The average score is 6 of 12

Answer Stats

Princess Country % Correct
Snow WhiteNetherlands
87%
MulanChina
73%
BelleFrance
69%
PocahontasUnited States
61%
MeridaUnited Kingdom (Scotland)
58%
CinderellaGermany
55%
ElsaNorway
53%
TianaUnited States
51%
JasmineIran
32%
RapunzelNorthern Italy
17%
AuroraNorthern Italy
17%
ArielPortugal
6%

Score Distribution

Percentile by Number Answered

Percent of People with Each Score

Your Score History

You have not taken this quiz